Vista normal
Vista MARC
Entrada Materia (personas)
Número de registros utilizados en: 1
001 - CONTROL NUMBER
- control field: 35637
003 - CONTROL NUMBER IDENTIFIER
- control field: Co-BoUCM
005 - DATE AND TIME OF LATEST TRANSACTION
- control field: 20130415103909.0
008 - FIXED-LENGTH DATA ELEMENTS
- fixed length control field: 130415|| aca||aabn | a|a d
040 ## - CATALOGING SOURCE
- Original cataloging agency: Co-BoUCM
- Transcribing agency: Co-BoUCM
100 ## - HEADING--PERSONAL NAME
- Personal name: Quinzi, Baldassarre
- Dates associated with a name: - 1581
670 ## - SOURCE DATA FOUND
- Source citation: Work cat.: (Co-BoUCM)69279: Quinzi, Baldassarre - 1581, [Dialogismos] sive Glossarium juris sermonesque socratici, rerum sane variarum ..., 1572